| 000 | 00787nam a22002175a 4500 | ||
|---|---|---|---|
| 005 | 20161017151636.0 | ||
| 008 | 161017s2015 ii a fr 001 0 eng d | ||
| 020 | _a9789332549807 | ||
| 040 |
_aEG-ScBUE _beng _cEG-ScBUE _dEG-ScBUE |
||
| 082 | 0 | 4 |
_222 _a004.36 _bTAN |
| 100 | 1 |
_936862 _aTanenbaum, Andrew S., _d1944- |
|
| 245 | 1 | 0 |
_aDistributed systems : _bprinciples and paradigms / _cAndrew S. Tanenbaum, Maarten van Steen. |
| 260 |
_aNodia, India : _bPearson, _c2015. |
||
| 300 |
_a634 p. : _bill. ; _c24 cm. |
||
| 500 | _aIndex : p. 623-634. | ||
| 650 | 7 |
_2BUEsh _94260 _aElectronic data processing _xDistributed processing. |
|
| 650 | 7 |
_911315 _aDistributed operating systems (Computers) _2BUEsh |
|
| 653 |
_bCOMSCI _cOctober2016 |
||
| 700 | 1 |
_aSteen, Maarten van. _911316 |
|
| 942 | _2ddc | ||
| 999 |
_c22662 _d22634 |
||